Statistics for 2023-24 FIFA REAL MADRID PLAYER BY PICTURE

Click here to take the quiz!

General Stats

  • This quiz has been taken 209 times
  • The average score is 17 of 20

Answer Stats

Answer% Correct
Antonio Rüdiger
97%
Jude Bellingham
97%
Luka Modrić
93%
Toni Kroos
93%
Rodrygo
92%
Eduardo Camavinga
91%
Vinicius Júnior
91%
Federico Valverde
90%
Dani Carvajal
89%
David Alaba
89%
Thibaut Courtois
88%
Aurélien Tchouaméni
86%
Kepa Arrizabalaga
86%
Éder Militão
81%
Ferland Mendy
81%
Nacho Fernández
77%
Joselu
72%
Lucas Vázquez
72%
Brahim Díaz
63%
Fran Garcia
51%

Score Distribution

Percentile by Number Answered

Percent of People with Each Score

Your Score History

You have not taken this quiz